000 00388cam a2200157ua 4500
041 _aeng
_h
082 _a821
_bBUT/OD
100 _aButcher, S.H .
245 0 0 _aOdyssey of Homer /
_cS.H.Butcher.
_hTextual Documents
260 _aLondon :
_bMacMillan and Company Limited ,
_c1956.
300 _a429 ; .
504 _a
700 1 _aLang, Andrew .
942 _cBK
999 _c658
_d658